000 00620nam a22002417a 4500
003 US-DLC
005 20250707042302.0
008 240904b |||||||| |||| 00| 0 eng d
020 _a9788131715369
040 _cDLC
041 _aEnglish
082 _a004.6
_bSTD
_222nd
100 _aStallings, W.
_9804
245 _aData and Computer Communications
250 _a8th
260 _aNew Delhi
_bPearson
_c2007
300 _axvi, 834p
563 _aPaperback
650 _aData Communications
_915734
650 _aComputer Networking Concepts
_915735
650 _aData Transmission
_915653
942 _2ddc
_cBK
999 _c13455
_d13439